Harry Potter - Charaktere und Schauspieler/in - Statistiken

Allgemein
  • Dieses Quiz wurde 3.144 mal gespielt
  • Das Durchschnittsergebnis liegt bei 10 aus 15
Antwortstatistiken
Hint Antwort % Korrekt
Hermine Granger Emma Watson
96%
Ron Weasley Rupert Grint
87%
Draco Malfoy Tom Felton
87%
Harry Potter Daniel Radcliffe
85%
Severus Snape Alan Rickman
83%
Bellatrix Lestrange Helena Bonham carter
78%
Minerva McGonagall Maggie Smith
78%
Dolores Umbridge Imelda Staunten
64%
Sirius Black Gary Oldman
61%
Lord Voldemort Ralph Fiennes
61%
Neville Longbottom Matthew Lewis
60%
Rubeus Hagrid Robbie Coltrane
57%
Albus Dumbledore Michael Gambon
51%
Remus Lupin David Thewlis
49%
Lucius Malfoy Jason Isaacs
48%
Keine übereinstimmenden Quizze gefunden
Verteilung der Resultate
Anzahl Personen mit jedem Resultat
Perzentil nach korrekt beantworteten Fragen
Ihre Resultats-Entwicklung
Sie haben dieses Quiz noch nicht gespielt